El príncipe / (Registro nro. 7793)

Detalles MARC
000 -LIDER
fixed length control field 00967cam a2200313 a 4500
001 - NÚMERO DE CONTROL
Identificador de número de control 000020120
003 - IDENTIFICACDOR DE NÚMERO DE CONTROL
control field DO-SdBNP
005 - DATE AND TIME OF LATEST TRANSACTION
control field 20171023074731.0
007 - CAMPOS FIJOS DE DESCRIPCIÓN FÍSICA
fixed length control field 000020120
008 - ELEMENTOS DE LONGITUD FIJA
fixed length control field 700702s2000 dr 000 f spa d
020 ## - ISBN
International Standard Book Number 8481301892
040 ## - FUENTE DE CATALOGACIÓN
Agencia que crea de manera original el registro BPMET
Agencia que realiza la transcripción spa
Agencia que realiza la modificación BPMET
041 17 - CÓDIGOS DE OBRAS TRADUCIDAS O EN VARIOS IDIOMAS
Código del idioma del texto/archivo de sonido o separata spa
Cód. del idioma original y/o traducciones intermedias del texto fre
092 ## - LOCALLY ASSIGNED DEWEY DECIMAL CALL NUMBER
Número de clasificación 853.3
Número de ítem (Cutter) M149p
100 1# - ASIENTO PRINCIPAL -- NOMBRE PERSONAL
Nombre personal Machiavelli, Niccoló,
Fechas asociadas con el nombre 1469-1527
240 10 - TITULO UNIFORME
Título uniforme Il principe.
Idioma de una obra Español
245 13 - MENCIÓN DE TITULO
Título El príncipe /
Mención de responsabilidad Nicolás Maquiavelo ; traducción de Ángeles Cardona.
260 ## - PUBLICACIÓN, DISTRIBUCIÓN, ETC. (PIE DE IMPRENTA)
Lugar de publicación, distribución, etc Santo Domingo :
Nombre del editor, distribuidor, etc. El Siglo,
Fecha de publicación, distribución, etc 2000.
300 ## - DESCRIPCIÓN FÍSICA
Extensión 123 p. ;
Dimensiones 19 cm.
490 1# - MENCIÓN DE SERIES
Mención de serie Joyas del milenio
Volume/sequential designation 12
534 ## - NOTA SOBRE LA VERSIÓN ORIGINAL
Asiento principal del original Título original: Il principe
Publicación, distribución, etc. del original Barcelona : Bibliotex, 2000.
650 #4 - ENCABEZAMIENTO DE MATERIA--TEMÁTICO
Término temático o nombre geográfico como elemento de entrada NOVELA ITALIANA
650 #4 - ENCABEZAMIENTO DE MATERIA--TEMÁTICO
Término temático o nombre geográfico como elemento de entrada LITERATURA ITALIANA
700 1# - ASIENTO SECUNDARIO -- NOMBRE PERSONAL
Nombre personal Cardona, Ángeles,
Mención de responsabilidad tr.
830 #0 - ASIENTO SECUNDARIO DE SERIE--TÍTULO UNIFORME
Título uniforme Joyas del milenio ;
Volume number/sequential designation 12
942 ## - ADDED ENTRY ELEMENTS (KOHA)
Source of classification or shelving scheme Dewey Decimal Classification
Koha item type Libros
945 ## - INFORMACIÓN DE PROCESAMIENTO LOCAL
Información de procesamiento local Título remanejado para BNPHU / 2017 VM
956 ## - LOCAL ELECTRONIC LOCATION AND ACCESS (OCLC)
Nombre de host VMATEO
Número de acceso 10
Información de compresión 20150505
Inicio de sesión BPMSU
Procesador de solicitud 00151
Existencias
Withdrawn status Lost status Source of classification or shelving scheme Damaged status Not for loan Collection code Home library Current library Date acquired Total Checkouts Barcode Date last seen Price effective from Koha item type Copy number
    Dewey Decimal Classification       Biblioteca Pública Metropolitana Salomé Ureña Biblioteca Pública Metropolitana Salomé Ureña 05/05/2015   BPMET15051554 05/05/2015 05/05/2015 Libros  
    Dewey Decimal Classification       Biblioteca Pública Metropolitana Salomé Ureña Biblioteca Pública Metropolitana Salomé Ureña 05/05/2015   BPMET15051555 05/05/2015 05/05/2015 Libros ej. 2